Komunitní vztahy

Zmeny, ktoré priniesli sociálne siete. Sila komunity. Schopnosti sociálnych sietí. Príležitosť, ktorú komunity ponúkajú pre firmy. Community management.

Guardado en:
Detalles Bibliográficos
Autor principal: Kane, Gerald C.
Formato: Capítulo de libro
Lenguaje:checo
Materias:
Etiquetas: Agregar Etiqueta
Sin Etiquetas, Sea el primero en etiquetar este registro!

MARC

LEADER 00000naa$a2200000$$$4500
001 0119131
005 20231213140034.2
041 0 |a cze 
044 |a CZ 
245 1 0 |a Komunitní vztahy  |c Gerald C. Kane [et al...] 
520 |a Zmeny, ktoré priniesli sociálne siete. Sila komunity. Schopnosti sociálnych sietí. Príležitosť, ktorú komunity ponúkajú pre firmy. Community management. 
610 2 0 |a internet 
610 2 0 |a komunikácia elektronická 
610 2 0 |a manažment 
610 2 0 |a firmy 
610 2 0 |a informácie 
610 2 0 |a zamestnanci 
610 2 0 |a manažéri 
100 1 |a Kane, Gerald C.